| 000 | 01501nam a2200349 a 4500 | ||
|---|---|---|---|
| 001 | 0000329 | ||
| 003 | DO-SdBNP | ||
| 005 | 20180315103317.0 | ||
| 007 | 0000329 | ||
| 008 | 150817s2005 000 spa d | ||
| 020 | _a9993472751 | ||
| 040 |
_aBPMSU _bspa _cBPMSU |
||
| 092 |
_a372.61 _bR696l, 8v. 2005 |
||
| 100 | _aRodríguez Jordana, María C. | ||
| 245 | 1 | 0 |
_aLengua 8 / _b[educación básica] _cMaría C. Rodríguez Jordana, A. Fernández Buñuel |
| 260 |
_aSanto Domingo : _bVicens Vives _c2005. |
||
| 300 |
_a231p. _bil. retrs. _c27 cm. |
||
| 490 | 1 | _aDelfín | |
| 505 | 1 |
_tIngenio, esfuerzo y trabajo -- _tEntorno, ecología y turismo -- _tTe conozco por tus respuestas -- _tHechos y creencias -- _tDel romance a la décima -- _tTe ordeno y mando -- _tFantasía del viento del Caribe -- _tDe nuestra música -- _tCuentos, cuentistas y cuentística -- _tLeyendo a nuestros poetas -- _tTransporte de ayer y de hoy -- _tCartas de ayer, cartas de hoy -- _tGlosario -- _tÍndice didáctico - conceptual -- |
|
| 650 |
_aGRAMÁTICA _xENSEÑANZA BÁSICA |
||
| 650 |
_aGRAMÁTICA _xEDUCACIÓN PRIMARIA |
||
| 650 |
_aEDUCACIÓN PRIMARIA _zREPÚBLICA DOMINICANA |
||
| 650 |
_aGRAMÁTICA _xLIBROS DE TEXTO |
||
| 650 |
_aGRAMÁTICA _xESTUDIOS Y EJERCICIOS |
||
| 700 | 1 | _aFernández Buñuel, A. | |
| 700 | 1 | _aRodríguez Jordana, María C. | |
| 830 | 0 | _pDelfín | |
| 910 | _a00144 | ||
| 942 |
_2ddc _cBK |
||
| 945 | _aRemanejado para la BNPHU / 2018 VM | ||
| 956 |
_aYngrid Lockward _b10 |
||
| 999 |
_c9910 _d9910 |
||